|
|
|
|
| LEADER |
01503nam a2200421 a 4500 |
| 001 |
001171788 |
| 003 |
CZ BrMZK |
| 005 |
20111128111129.0 |
| 006 |
m||||||||d|||||||| |
| 007 |
co^cg |
| 008 |
111003s2010 xr 00| 0 cze |
| 015 |
|
|
|a cnb002223675
|
| 020 |
|
|
|a 978-80-7372-758-1
|q (CDR)
|
| 040 |
|
|
|a BOA001
|b cze
|
| 072 |
|
7 |
|a 620.1/.2
|x Nauka o materiálu
|2 Konspekt
|9 19
|
| 080 |
|
|
|a 539.42
|2 MRF
|
| 080 |
|
|
|a 669.13
|2 MRF
|
| 080 |
|
|
|a 620.184
|2 MRF
|
| 080 |
|
|
|a (083.76)
|2 MRF
|
| 080 |
|
|
|a (0.034.44)
|2 MRF
|
| 100 |
1 |
|
|a Skrbek, Břetislav,
|d 1948-
|7 mzk2003169467
|4 aut
|
| 245 |
1 |
0 |
|a Vzorník lomů litin
|h [elektronický zdroj] :
|b pracovní pomůcka /
|c Břetislav Skrbek
|
| 250 |
|
|
|a Vyd. 1.
|
| 260 |
|
|
|a Liberec :
|b Technická univerzita v Liberci,
|c 2010
|
| 300 |
|
|
|a 1 CD-ROM
|
| 500 |
|
|
|a Název z titulní obrazovky
|
| 500 |
|
|
|a Nad názvem: Technická univerzita v Liberci, Fakulta strojní, katedra materiálu
|
| 538 |
|
|
|a Požadavky na systém: Word
|
| 650 |
0 |
7 |
|a lomová mechanika
|7 ph122445
|2 czenas
|
| 650 |
0 |
7 |
|a litiny
|7 ph122413
|2 czenas
|
| 650 |
0 |
7 |
|a fraktografie
|7 ph211259
|2 czenas
|
| 655 |
|
7 |
|a vzorníky
|7 fd202534
|2 czenas
|
| 655 |
|
7 |
|a CD-ROM
|7 fd133955
|2 czenas
|
| 710 |
2 |
|
|a Technická univerzita v Liberci.
|b Katedra materiálu
|7 kn20020321059
|
| 910 |
|
|
|a BOA001
|b CDR-1272.319
|
| 990 |
|
|
|a BK
|
| 991 |
|
|
|b 201111
|c NOV
|e n
|
| 996 |
3 |
|
|b 2610490181
|c CDR-1272.319
|l Stud. periodik/2.patro
|r Sklad / do 1 hodiny
|n 0
|p p.v.
|w 001205703
|u 000010
|a 1
|e BOA001
|j MZK50
|s N
|